000 01207nmm a2200277 a 4500
001 ocm000608230
003 TR-IsHL
005 20201028133156.0
008 131121s2002 tu tur
007 cr cn
020 _a9789759290108
035 _a608230
_b(N$T)
050 0 4 _aPK6097
_b.S24 2002
090 0 4 _aPK6097
_b.S24 2002
100 1 _aSafi, Zebihullah-i
245 1 0 _aİran edebiyatı tarihi 1: tarih- i edebiyat der İran'ın I-II. cilt özeti
_h[electronic resource] /
_cZebihullah-i Safi ; çev. Hasan Almaz ; ed. Hicabi Kırlangıç
260 _aAnkara :
_bNüsha Yayınları,
_c2002
300 _a316 p.
650 4 _aDil ve Edebiyat
650 4 _aLanguage and Literature
650 0 _aİran edebiyatı
_x Tarih ve inceleme
650 0 _aPersian literature
_x History and criticism
650 7 _aLITERARY CRITICISM / Middle Eastern
_2bisacsh
700 1 _aAlmaz, Hasan Kırlangıç, Hicabi
856 4 0 _uhttp://search.ebscohost.com/login.aspx?direct=true&scope=site&db=e011xww&AN=608230
999 _c5496
_d5496